00361 a2200121 4500040001300000082001200013100000900025245007400034260005600108300003300164500001800197650002400215 aDLCbDLC a621.381 aNIIT aDigital Electronics: An Introduction to Sequential Logic DesigncNIIT aNew Delhi :bPrentice-Hall of India Pvt.Ltd,c2004. avi, 171p. :b ill. :c24 cm. aInclude Index aDigital Electronics